000 00929nam a2200229Ii 4500
003 JO-AjNU
008 230605s9999||||xx |||||||||||||| ||und||
017 _a39463
020 _a9957-16-381-5
040 _aJO-AjNU
_bara
_erda
_cJO-AjNU
041 _aara
050 1 4 _aKMM394.6.H3488.2008
100 3 _a تأليف، الحلبي ، محمد علي السالم عياد ؛ مراجعة الفايز ، أكرم طراد,
_eauthor
_912678
245 0 0 _aشرح قانون العقوبات : القسم العام
250 _aط1
264 3 1 _aعمان : دار الثقافة ، 2008
300 _a373ص
336 _atext
_btxt
_2rdacontent
337 _aunmediated
_bn
_2rdamedia
338 _avolume
_bnc
_2rdacarrier
650 4 _aقانون العقوبات -- الأردن -- القانون الجنائي -- الأردن -- الجريمة والمجرمون -- قوانين وتشريعات -- الأردن
_912679
999 _aA2956
_c6524
_d6524